Les merveilles de la photographie / (Record no. 166335)

MARC details
000 -LEADER
campo de control de longitud fija 01011nam a22002175i 4500
001 - NÚMERO DE CONTROL
campo de control 166335
003 - IDENTIFICADOR DE NÚMERO DE CONTROL
campo de control ES-MaACL
005 - FECHA Y HORA DE LA ÚLTIMA TRANSACCIÓN
campo de control 20250728030933.0
008 - DATOS DE LONGITUD FIJA--INFORMACIÓN GENERAL
campo de control de longitud fija 981002s1874 fr a |||| | fre d
040 ## - FUENTE DE CATALOGACIÓN
Centro catalogador/agencia de origen CLM
Lengua de catalogación spa
Centro/agencia transcriptor CCPB | 3D
100 1# - ENTRADA PRINCIPAL--NOMBRE DE PERSONA
Nombre de persona Tissandier, Gaston (
Fechas asociadas al nombre 1843-1899)
9 (RLIN) 133269
245 14 - MENCIÓN DEL TÍTULO
Título Les merveilles de la photographie /
Mención de responsabilidad, etc. par Gaston Tissandier ; ouvrage illustrée de 65 vignettes par Jahandier, etc. et d'une planche tirée a la presse photoglyptique.
260 ## - PUBLICACIÓN, DISTRIBUCIÓN, ETC.
Lugar de publicación, distribución, etc. Paris :
Nombre del editor, distribuidor, etc. Librairie Hachette et Cie,
Fecha de publicación, distribución, etc. 1874 (
Fabricante Imp. Simon Raçon et Comp.)
300 ## - DESCRIPCIÓN FÍSICA
Extensión 331 p., [1] h. de lám. :
Otras características físicas il. ;
Dimensiones 18 cm.
490 1# - MENCIÓN DE SERIE
Mención de serie Bibliothèque des Merveilles / publiée sous la direction de Edouard Charton
650 07 - PUNTO DE ACCESO ADICIONAL DE MATERIA--TÉRMINO DE MATERIA
Término de materia o nombre geográfico como elemento de entrada Fotografía
Fuente del encabezamiento o término embne
9 (RLIN) 12943
700 1# - ENTRADA AGREGADA--NOMBRE PERSONAL
Nombre de persona Charton, Edouard.
9 (RLIN) 126464
830 0# - PUNTO DE ACCESO ADICIONAL DE SERIE-TÍTULO UNIFORME
Título uniforme Bibliothèque des Merveilles / publiée sous la direction de Edouard Charton
9 (RLIN) 188261
852 ## - LOCALIZACIÓN
Ubicación ES-MaACL
Número de control de estantería D-857
Nota libre -- Rust. deteriorada
-- -- Legado M. de la Fuente
Holdings
Estatus retirado Estado de pérdida Estado de daño No para préstamo Colección Biblioteca de origen Biblioteca actual Ubicación en estantería Fecha de adquisición Fuente de adquisición Total de préstamos Signatura topográfica completa Código de barras Visto por última vez Precio de reemplazo Tipo de ítem Koha
        Libros del s. XIX Biblioteca del Ateneo de Madrid Biblioteca del Ateneo de Madrid Sala Valle Inclán 17/01/2008     D-857 901174442 23/02/2023 23/02/2023 Libro impreso antiguo